000 00597nam a2200217Ia 4500
003 OSt
005 20220926011824.0
006 a|||||r|||| 00| 0
007 ta
008 220923b |||||||| |||| 00| 0 eng d
037 _cGeneral Book
040 _aRTL
_cRTL
_beng
041 _2eng
_aeng
082 _aX:576, L8
100 _aShapiroa Alan C
_9314979
245 0 _aForeign exchange risk management.
260 _aNew York
_bAMACOM
_c1978
300 _a64P. Bibliography: P 63-64.
_ccm.
942 _hX:576, L8
_cGB
_2CC
999 _c621040
_d621040